000 00525nam a2200193Ia 4500
999 _c15082
_d15082
003 OSt
005 20201113135358.0
008 190216s9999||||xx |||||||||||||| ||und||
020 _a8186104240
040 _coclc
082 _a423
_bSOO/B
100 _aSood, Vinay
_96353
245 0 _aBeacon`S Book Of New Words /
_cVinay Sood
250 _a2nd Ed.
260 _bSsmb publishing division,
_c2003.
_aSingapore:
300 _a272p
650 _aEnglish
942 _cBK
_2ddc
_h423
_iSOO/B
_k423
_mSOO/B